| 000 | 00416pab a2200157 454500 | ||
|---|---|---|---|
| 008 | 180718b2003 xxu||||| |||| 00| 0 eng d | ||
| 100 | _aAronsson, Thomas | ||
| 245 | _aOptimal taxation and risk-sharing arrangements in an economic federation | ||
| 260 | _c2003 | ||
| 300 | _ap.104-20. | ||
| 362 | _aJan | ||
| 650 | _aTaxation | ||
| 700 | _aWilkstrom, Magnus | ||
| 773 | _aOxford Economic Papers | ||
| 909 | _a56826 | ||
| 999 |
_c56826 _d56826 |
||